000
00267nam a2200121Ia 4500
008
190216s9999||||xx |||||||||||||| ||und||
100
_a
Mrithilekhar
245
0
_a
Hindi-Sahithya Ki Ram Jigtha
260
_b
Anirudh
300
_a
184
650
_a
Hindi
942
_c
BK
999
_c
16394
_d
16394